Paroles : je te survivrai - Jean-Pierre François - Statistiques

Statistiques générales
  • Ce quiz a été pris 184 fois
  • Le résultat moyen est 177 sur 232
Statistiques - réponses
Paroles % Correct
Je
100%
je
100%
te
99%
survivrai
98%
survivrai ...
98%
du
95%
de
93%
le
92%
Dans
89%
dans
89%
les
89%
d'un
88%
amour
87%
des
84%
un
84%
la
81%
comme
78%
tu
78%
vivant
76%
et
75%
en
74%
yeux
74%
d'enfants
64%
revenant
64%
moi
58%
57%
Ou
57%
chinois
53%
l'eau
53%
m'entendras
53%
toi
53%
ton
53%
oiseau
52%
regard
51%
ailes
50%
au-delà
50%
bleu
50%
froid
50%
miroirs
50%
chat
48%
couleur
47%
mon
46%
jours
43%
part
43%
quelque
42%
vent
41%
maisons
40%
photos
40%
aéroports
39%
force
39%
ville
39%
murs
38%
prisons
38%
arbre
37%
encore
36%
coeur
35%
nuits
35%
cages
34%
nom
34%
d'ascenseur
33%
difficiles
33%
l'hiver
32%
j'écrirai
31%
sang
29%
corps
27%
peur
27%
t'aimerai
27%
anonymes
26%
bruits
26%
mouvants
26%
sables
26%
fièvre
25%
chansons
21%
perdrai
20%
caves
19%
d'émotion
19%
Frissonnant
19%
mots
19%
bas-fonds
17%
l'angoisse
17%
frissons
16%
Aucun quiz correspondant
Distribution des résultats
% des personnes avec chaque résultat
Percentile par nombre de réponses
Votre historique - résultats
Vous n’avez pas pris ce quiz